Historia de los Grandes Compositores Clásicos
Salvato in:
| Autore principale: | |
|---|---|
| Natura: | Libro |
| Lingua: | spagnolo |
| Pubblicazione: |
Madrid
Olimpo Ediciones
1994
Madrid Ediciones Orbis 1994 |
| Soggetti: | |
| Tags: |
Aggiungi Tag
Nessun Tag, puoi essere il primo ad aggiungerne!!
|
MARC
| LEADER | 00000nam a2200000 a 4500 | ||
|---|---|---|---|
| 001 | UCH5451 | ||
| 003 | CL-VaPUC | ||
| 005 | 20230929110938.0 | ||
| 008 | 091014e19940000sp |||||||||||||||||spa|d | ||
| 999 | |c 336588 |d 336586 | ||
| 020 | |a 8440209959 | ||
| 040 | |c Pontificia Universidad Católica de Valparaíso | ||
| 082 | 0 | 4 | |a 780.9 GOR 1994 |2 21 |
| 100 | 0 | |a Gortázar, Isabel |e author |9 541733 | |
| 245 | 1 | 0 | |a Historia de los Grandes Compositores Clásicos |
| 260 | |a Madrid |b Olimpo Ediciones |c 1994 | ||
| 260 | |a Madrid |b Ediciones Orbis |c 1994 | ||
| 300 | |a 8 v | ||
| 500 | |a v. 1: Bach, Vivaldi, Haendel | ||
| 500 | |a v. 2. Haydn, Mozart, Rossini | ||
| 500 | |a v. 3: Beethoven, Schubert | ||
| 500 | |a v. 4: Tchaikovsky, Mahler, Bruckner, Verdi | ||
| 500 | |a v. 5: Berlioz, Liszt, Brahms, Dvorák | ||
| 500 | |a v. 6: Chopin, Mendelssohn, Schumann | ||
| 500 | |a v. 7: Debussy, Ravel, Franck, Saint-Saens, Sibelius, Albéniz, Granados, Falla | ||
| 500 | |a v. 8: Bartók, Prokofiev, Schoenberg, Shostakovich, Strauss, Stravinsky, Gershwin | ||
| 583 | |a last modification |c 20171130 01:42:51 |k Rodrigo Vera | ||
| 650 | 0 | |a Enciclopedias |2 CL-VaPUC |9 264135 | |
| 650 | 0 | |a Historia de la música |9 306741 | |
| 650 | 0 | |a Compositores |9 306451 | |
| 650 | 0 | |a Biografías |9 255210 | |
| 650 | 0 | |a Música clásica |9 349684 | |
| 942 | |c BK |2 ddc | ||
| 945 | |d 20091014 00:00:00 |a ccalabra | ||